In dicembre tornavano le brezze /

I tiakina i:
Ngā taipitopito rārangi puna kōrero
Kaituhi matua: Moreno, Marvel (Author)
Ētahi atu kaituhi: Molteni, Monica
Hōputu: Pukapuka
Reo:Itāriana
I whakaputaina: Firenze : Giunti, \2000!
Rangatū:SuperAstrea
Ngā Tūtohu: Tāpirihia he Tūtohu
Kāore He Tūtohu, Me noho koe te mea tuatahi ki te tūtohu i tēnei pūkete!

MARC

LEADER 00000nam a2200000 i 4500
001 IT\ICCU\CAG\0073098
003 ItRI
005 20260115231859.0
008 001110s2000 it |||||| ||||| |||||c
015 |2 IT  |a 2001-8487 
020 |a 8809018346 
040 |b ita  |c importazione bologna sebina 
041 7 |a ita  |2 ISO-639-2 
082 |a 863.64  |9 NARRATIVA SPAGNOLA, 1945-1999  |2 21 
082 |a 863  |9 NARRATIVA SPAGNOLA  |2 21 
100 1 |a Moreno, Marvel  |0 IT\ICCU\RAVV\019970  |4 aut 
240 1 0 |a En diciembre llegaban las brisas  |3 IT\ICCU\RAV\0035412  |9 Moreno, Marvel 
245 1 0 |a In dicembre tornavano le brezze /  |c Marvel Moreno ; traduzione di Monica Molteni. 
260 |a Firenze :  |b Giunti,  |c \2000! 
300 |a 405 p. ;  |c 22 cm. 
700 1 |a Molteni, Monica  |0 IT\ICCU\RAVV\019971 
830 0 |a SuperAstrea  |0 IT\ICCU\VIA\0067161 
942 |2 ddc  |c BK  |n 0 
952 |0 0  |1 0  |4 0  |6 DOC_863_640000000000000_MOR  |7 0  |9 15141  |a BO  |b BO  |d 2026-01-15  |i 5992  |l 0  |o DOC 863.64 MOR  |p BO5992  |r 2026-01-15 23:18:59  |w 2026-01-15  |x [Sebina 5] [1 v.]  |y BK  |z 1 v. 
999 |c 13030  |d 13030